000 01587nam a2200409 a 4500
001 ebr10369803
003 CaPaEBR
006 m u
007 cr cn|||||||||
008 081124s2009 dcua sb i001 0 eng
010 _z 2008051178
015 _aGBA918318
_2bnb
016 7 _z014910005
_2Uk
020 _z9780821377970
020 _z0821377973
020 _z9780821378113 (electronic)
020 _z0821378112 (electronic)
040 _aCaPaEBR
_cCaPaEBR
035 _a(OCoLC)560618299
043 _af-nr---
050 1 4 _aHG5881.A3
_bI27 2009eb
082 0 4 _a330.9669
_222
100 1 _aIarossi, Giuseppe.
245 1 3 _aAn assessment of the investment climate in Nigeria
_h[electronic resource] /
_cGiuseppe Iarossi, Peter Mousley, and Ismail Radwan.
260 _aWashington, DC :
_bWorld Bank,
_cc2009.
300 _axiv, 126 p. :
_bill.
490 1 _aDirections in development. Private sector development
504 _aIncludes bibliographical references (p. 105-106) and index.
533 _aElectronic reproduction.
_bPalo Alto, Calif. :
_cebrary,
_d2013.
_nAvailable via World Wide Web.
_nAccess may be limited to ebrary affiliated libraries.
650 0 _aInvestments
_zNigeria.
655 7 _aElectronic books.
_2local
700 1 _aMousley, Peter,
_d1956-
700 1 _aRadwan, Ismail.
710 2 _aebrary, Inc.
830 0 _aDirections in development (Washington, D.C.).
_pPrivate sector development.
856 4 0 _uhttp://site.ebrary.com/lib/rucke/Doc?id=10369803
_zAn electronic book accessible through the World Wide Web; click to view
999 _c110158
_d110158